000 00936nam a22002777a 4500
001 BR7319043
003 BR-BrBNA
005 20230928084333.0
007 ta
008 230509b bl.||||| |||| 00| 0 por d
040 _aBR-BrBNA
_bpor
_cBiblioteca Nacional de Agricultura
041 _a(Por)
072 _aM00; L60
_b8140
_b/G514
090 _ 8140 BR7319043
100 1 _aAzevedo, P. de
100 1 _aVieira, B.B.
110 1 _aInspetoria Federal de Obras Contra as Secas, Rio de Janeiro, GB (Brasil)
_95604
245 1 _aContribuicao para o catalogo biologico dos peixes fluviais do Nordeste do Brasil [piabas, Characidae, Tetragonopterinae]
260 3 _aRio de Janeiro, GB (Brasil):
_c1938.
300 _a7 p.
500 _aReprint of "Boletim da Inspetoria Federal de Obras Contra as Secas" (Jul/Aug/Sep/1938)
650 _aPIABA
650 _aREGIAO NORDESTE
909 _a202309
_bLucia
_c55
_dLucia Elande
942 _cBK
999 _c18259
_d18259